000 00358nam a2200145Ia 4500
008 230917s9999||||xx |||||||||||||| ||und||
040 _e197957
_aMAIN
041 _aEnglish
082 _a579 M582H
100 _aMichiels, Chris
245 0 _aHigh pressure Microbiology
260 _aWashington DC
_bASM Press
_c2008
300 _axii, 348 p.
942 _cBK
999 _c159902
_d159902